00532nam a2200193Ia 4500003000400000005001700004008004100021020001400062040000700076082002100083100001900104245008500123250000700208260004000215300002400255500001900279600002000298650002000318OSt20241010051050.0240925s9999 xx 000 0 und d a803927940 cds a324.97300926 ZIS aZisk ,Betty H. 0aMoney, Media, and the Grass Roots: State Ballot Issues and the Electoral Process aNA aNew York:bsage publicationc,1987. a203p.bNAfOriginal aIncludes Index aSocial Sciences aSocial Sciences